Statistics for Word Scramble - Official Languages

Click here to take the quiz!

General Stats

  • This quiz has been taken 75 times
  • The average score is 10 of 20

Answer Stats

Language% Correct
Albanian
100%
Dutch
100%
Finnish
100%
Greek
100%
Hungarian
100%
Irish
100%
Japanese
100%
Kyrgyz
100%
Lithuanian
100%
Luxembourgish
100%
Mandarin
100%
Polish
100%
Slovak
100%
Somali
100%
Spanish
100%
Swahili
100%
Swedish
100%
Turkmen
100%
Zulu
100%
Thai
80%
Hindi
75%
Danish
67%
Lao
67%
Romanian
67%
Sango
67%
Uzbek
67%
Quechua
60%
Berber
50%
Croatian
50%
Estonian
50%
Georgian
50%
Italian
50%
Kurdish
50%
Latvian
50%
Macedonian
50%
Malay
50%
Maltese
50%
Marshallese
50%
Mongolian
50%
Persian
50%
Samoan
50%
Swazi
50%
Ukrainian
50%
Azerbaijani
40%
English
33%
French
33%
Haitian
33%
Korean
33%
Norwegian
33%
Punjabi
33%
Russian
33%
Serbian
33%
Aymara
29%
Romansh
25%
Tamil
25%
Guarani
20%
Sinhalese
20%
Afrikaans
0%
Amharic
0%
Arabic
0%
Armenian
0%
Belarusian
0%
Bislama
0%
Bosnian
0%
Bulgarian
0%
Burmese
0%
Catalan
0%
Chewa
0%
Comorian
0%
Czech
0%
Dzongkha
0%
German
0%
Gilbertese
0%
Hebrew
0%
Hiri Motu
0%
Icelandic
0%
Kazakh
0%
Khmer
0%
Kinyarwanda
0%
Kirundi
0%
Malagasy
0%
Maori
0%
Mauritian
0%
Montenegrin
0%
Nauruan
0%
Ndebele
0%
Nepali
0%
Northern Sotho
0%
Palauan
0%
Pashto
0%
Portuguese
0%
Sesotho
0%
Seychellois
0%
Shona
0%
Slovene
0%
Tetum
0%
Tok Pisin
0%
Tongan
0%
Tsonga
0%
Tswana
0%
Turkish
0%
Tuvaluan
0%
Venda
0%
Xhosa
0%

Score Distribution

Percentile by Number Answered

Percent of People with Each Score

Your Score History

You have not taken this quiz